| 000 | 00564nam a2200217 a 4500 | ||
|---|---|---|---|
| 999 |
_c6068 _d6068 |
||
| 001 | 6068 | ||
| 003 | BD-JhCC | ||
| 005 | 20221128134022.0 | ||
| 008 | 180101s2010 e |||| || | 000 0 eng d | ||
| 035 | _a(BD-JhCC)6068 | ||
| 040 |
_aBD-JhCC _dBD-JhCC |
||
| 041 | _aeng | ||
| 082 |
_a791.4575 _bSMI 2010 |
||
| 100 | _aSmith, L. J. | ||
| 245 |
_aVampire Diaries The Return Shadows Souls / _cL. J. Smith, |
||
| 260 |
_aLondon : _bHarper Collins Publishers Inc. _c2010 |
||
| 300 |
_a495 p. : _c18 cm. |
||
| 650 | _aVampire | ||
| 650 | _aHorrores | ||
| 942 |
_2ddc _cBK _04 |
||